Vista normal
Vista MARC
Entrada Personal Name
Número de registros utilizados en: 2
001 - CONTROL NUMBER
- control field: 37
003 - CONTROL NUMBER IDENTIFIER
- control field: OSt
005 - DATE AND TIME OF LATEST TRANSACTION
- control field: 20110629104352.0
008 - FIXED-LENGTH DATA ELEMENTS
- fixed length control field: 110629|||a|||||| | ||| d
040 ## - CATALOGING SOURCE
- Original cataloging agency: OSt
- Transcribing agency: OSt
100 ## - HEADING--PERSONAL NAME
- Personal name: Ellard, Sian
670 ## - SOURCE DATA FOUND
- Source citation: Work cat.: (OSt): Turnpenny, Peter 36, Emery, 2009